[Event "16 Dubai Open 2014"]
[Site "Dubai Chess Club"]
[Date "2014.04.08"]
[Round "2"]
[Board "27"]
[White "Tabada, Jobannie C."]
[Black "Kostenko, Petr"]
[Result "1-0"]
[WhiteElo "2210"]
[BlackElo "2506"]
[PlyCount "0"]
[EventDate "2014.04.07"]
[EventRounds "9"]
[EventCountry "UAE"]

1. e4 {[%clk 1:22:47]} e6 {[%clk 1:27:31]} 2. d4 {[%clk 1:22:36]} d5
{[%clk 1:27:55]} 3. Nc3 {[%clk 1:23:04]} Nf6 {[%clk 1:28:17]} 4. e5
{[%clk 1:22:59]} Nfd7 {[%clk 1:28:41]} 5. f4 {[%clk 1:23:27]} c5 {[%clk 1:29:03]}
6. Nf3 {[%clk 1:23:52]} Nc6 {[%clk 1:29:24]} 7. Be3 {[%clk 1:24:02]} Be7
{[%clk 1:29:47]} 8. Qd2 {[%clk 1:23:01]} O-O {[%clk 1:30:09]} 9. Be2
{[%clk 1:17:47]} b6 {[%clk 1:27:55]} 10. O-O {[%clk 1:15:20]} f6 {[%clk 1:28:19]}
11. exf6 {[%clk 1:15:16]} Nxf6 {[%clk 1:28:41]} 12. Kh1 {[%clk 1:14:00]} Bb7
{[%clk 1:04:35]} 13. Rad1 {[%clk 1:09:06]} Bd6 {[%clk 1:00:34]} 14. Ne5
{[%clk 0:53:30]} Nxd4 {[%clk 0:59:51]} 15. Bxd4 {[%clk 0:53:58]} cxd4
{[%clk 1:00:13]} 16. Qxd4 {[%clk 0:54:24]} Qe7 {[%clk 0:45:44]} 17. Qe3
{[%clk 0:48:50]} Rac8 {[%clk 0:45:14]} 18. Bd3 {[%clk 0:42:19]} g6
{[%clk 0:40:17]} 19. Nb5 {[%clk 0:37:52]} Bc5 {[%clk 0:39:34]} 20. Nd4
{[%clk 0:35:32]} Bxd4 {[%clk 0:38:37]} 21. Qxd4 {[%clk 0:36:00]} Qc5
{[%clk 0:38:47]} 22. c3 {[%clk 0:34:48]} Qxd4 {[%clk 0:31:12]} 23. cxd4
{[%clk 0:35:16]} Rc7 {[%clk 0:31:31]} 24. Kg1 {[%clk 0:34:39]} Ne4
{[%clk 0:31:31]} 25. Rc1 {[%clk 0:26:30]} Rfc8 {[%clk 0:31:55]} 26. Rxc7
{[%clk 0:26:50]} Rxc7 {[%clk 0:32:19]} 27. Re1 {[%clk 0:27:09]} Rc8
{[%clk 0:27:45]} 28. Nf3 {[%clk 0:27:10]} h6 {[%clk 0:26:10]} 29. g3
{[%clk 0:21:17]} Kg7 {[%clk 0:24:19]} 30. Kf1 {[%clk 0:18:42]} Kf6
{[%clk 0:22:15]} 31. Ke2 {[%clk 0:18:58]} Nd6 {[%clk 0:18:56]} 32. Ne5
{[%clk 0:17:42]} Nf5 {[%clk 0:13:28]} 33. Bxf5 {[%clk 0:15:18]} Kxf5
{[%clk 0:13:47]} 34. Kd2 {[%clk 0:15:31]} Rc7 {[%clk 0:12:06]} 35. h3
{[%clk 0:09:08]} Ba6 {[%clk 0:11:16]} 36. g4+ {[%clk 0:09:17]} Kxf4
{[%clk 0:07:03]} 37. Nxg6+ {[%clk 0:09:45]} Kg3 {[%clk 0:07:17]} 38. Re3+
{[%clk 0:09:38]} Kh2 {[%clk 0:07:09]} 39. Ne5 {[%clk 0:08:23]} Bf1
{[%clk 0:07:06]} 40. h4 {[%clk 0:08:51]} Bh3 {[%clk 0:05:52]} 41. Nf3+
{[%clk 0:05:46]} Kg2 {[%clk 0:06:21]} 42. Ne1+ {[%clk 0:05:43]} Kh2
{[%clk 0:06:49]} 43. Rxe6 {[%clk 0:05:59]} Bxg4 {[%clk 0:07:10]} 44. Rxh6
{[%clk 0:05:57]} Re7 {[%clk 0:06:36]} 45. Nc2 {[%clk 0:06:01]} Re2+
{[%clk 0:06:29]} 46. Kc3 {[%clk 0:05:25]} Bf5 {[%clk 0:06:20]} 47. Nb4
{[%clk 0:05:49]} Be4 {[%clk 0:06:32]} 48. Rd6 {[%clk 0:04:05]} Re3+
{[%clk 0:06:54]} 49. Kd2 {[%clk 0:04:34]} Rh3 {[%clk 0:07:22]} 50. Nc6
{[%clk 0:03:59]} a5 {[%clk 0:06:36]} 51. Ne5 {[%clk 0:04:21]} b5 {[%clk 0:06:14]}
52. Ra6 {[%clk 0:04:14]} b4 {[%clk 0:06:02]} 53. Rxa5 {[%clk 0:04:11]} Kg3
{[%clk 0:06:29]} 54. Ke3 {[%clk 0:03:17]} Kg2+ {[%clk 0:03:56]} 55. Ke2
{[%clk 0:03:10]} Kg3 {[%clk 0:03:52]} 56. Ke3 {[%clk 0:03:34]} Kg2+
{[%clk 0:03:46]} 57. Kf4 {[%clk 0:03:54]} Rxh4+ {[%clk 0:04:04]} 58. Kg5
{[%clk 0:04:22]} Rh1 {[%clk 0:02:11]} 59. Nc6 {[%clk 0:03:24]} b3
{[%clk 0:01:39]} 60. axb3 {[%clk 0:03:23]} Rb1 {[%clk 0:02:05]} 61. Kf4
{[%clk 0:01:40]} Rxb2 {[%clk 0:02:21]} 62. b4 {[%clk 0:02:09]} Kf2
{[%clk 0:01:24]} 63. Ra3 {[%clk 0:02:33]} Rc2 {[%clk 0:01:26]} 64. b5
{[%clk 0:02:36]} Rb2 {[%clk 0:01:51]} 65. Na7 {[%clk 0:03:04]} Ke2
{[%clk 0:01:58]} 66. Ke5 {[%clk 0:03:33]} Rb4 {[%clk 0:02:02]} 67. Ra5
{[%clk 0:02:32]} Rb1 {[%clk 0:01:35]} 68. Kd6 {[%clk 0:02:48]} Ke3
{[%clk 0:02:01]} 69. Nc6 {[%clk 0:02:41]} Bd3 {[%clk 0:02:27]} 70. Kc5
{[%clk 0:03:03]} Ke4 {[%clk 0:02:53]} 71. b6 {[%clk 0:02:20]} Rc1+
{[%clk 0:03:17]} 72. Kd6 {[%clk 0:02:45]} Rb1 {[%clk 0:03:42]} 73. Kc7
{[%clk 0:02:18]} Bb5 {[%clk 0:04:06]} 74. Rxb5 {[%clk 0:01:49]} Rxb5
{[%clk 0:04:31]} 75. b7 {[%clk 0:02:18]} 1-0

[Event "16 Dubai Open 2014"]
[Site "Dubai Chess Club"]
[Date "2014.04.08"]
[Round "2"]
[Board "28"]
[White "Debashis, Das"]
[Black "Turar, "]
[Result "1-0"]
[WhiteElo "2504"]
[BlackElo "1997"]
[PlyCount "0"]
[EventDate "2014.04.07"]
[EventRounds "9"]
[EventCountry "UAE"]

1. e4 {[%clk 1:30:05]} e6 {[%clk 1:30:58]} 2. Qe2 {[%clk 1:29:31]} e5
{[%clk 1:30:36]} 3. Nf3 {[%clk 1:29:51]} Nc6 {[%clk 1:30:35]} 4. g3
{[%clk 1:30:09]} Bc5 {[%clk 1:29:03]} 5. Bg2 {[%clk 1:30:11]} d6 {[%clk 1:29:16]}
6. O-O {[%clk 1:29:19]} Nge7 {[%clk 1:28:34]} 7. c3 {[%clk 1:26:01]} a6
{[%clk 1:26:22]} 8. Rd1 {[%clk 1:24:42]} Bg4 {[%clk 1:07:37]} 9. Na3
{[%clk 1:18:01]} O-O {[%clk 0:59:11]} 10. Nc2 {[%clk 1:17:32]} f5
{[%clk 0:52:25]} 11. d4 {[%clk 1:08:45]} fxe4 {[%clk 0:51:34]} 12. Qxe4
{[%clk 1:08:40]} Bxf3 {[%clk 0:50:30]} 13. Bxf3 {[%clk 1:09:03]} d5
{[%clk 0:42:53]} 14. Qg4 {[%clk 1:03:27]} Bb6 {[%clk 0:36:01]} 15. Bg5
{[%clk 1:02:20]} Qd6 {[%clk 0:32:38]} 16. Ne3 {[%clk 0:49:28]} exd4
{[%clk 0:29:25]} 17. cxd4 {[%clk 0:49:36]} Rad8 {[%clk 0:20:48]} 18. Bg2
{[%clk 0:45:00]} Qg6 {[%clk 0:19:08]} 19. Rac1 {[%clk 0:40:47]} Kh8
{[%clk 0:15:42]} 20. Qh4 {[%clk 0:20:18]} Qf7 {[%clk 0:15:47]} 21. Rc2
{[%clk 0:18:06]} Rd6 {[%clk 0:16:03]} 22. Re2 {[%clk 0:14:47]} Ng6
{[%clk 0:15:50]} 23. Qg4 {[%clk 0:15:05]} Nd8 {[%clk 0:12:28]} 24. h4
{[%clk 0:14:02]} Nc6 {[%clk 0:08:56]} 25. h5 {[%clk 0:12:19]} Nge7
{[%clk 0:09:26]} 26. Bxe7 {[%clk 0:06:58]} Nxe7 {[%clk 0:09:43]} 27. Rde1
{[%clk 0:07:23]} Ng8 {[%clk 0:09:18]} 28. Qh4 {[%clk 0:04:29]} Ba5
{[%clk 0:09:05]} 29. Rc1 {[%clk 0:04:39]} c6 {[%clk 0:09:25]} 30. Ng4
{[%clk 0:04:50]} Bd8 {[%clk 0:08:14]} 31. Qh3 {[%clk 0:04:07]} Nf6
{[%clk 0:07:31]} 32. Ne5 {[%clk 0:04:31]} Qc7 {[%clk 0:07:09]} 33. Rce1
{[%clk 0:04:29]} Kg8 {[%clk 0:06:39]} 34. g4 {[%clk 0:04:23]} Nd7
{[%clk 0:05:26]} 35. Nf3 {[%clk 0:03:49]} h6 {[%clk 0:02:35]} 36. g5
{[%clk 0:03:46]} hxg5 {[%clk 0:02:52]} 37. Re8 {[%clk 0:03:25]} Rxe8
{[%clk 0:02:07]} 38. Rxe8+ {[%clk 0:03:49]} Kf7 {[%clk 0:02:24]} 39. Rh8
{[%clk 0:03:40]} Bf6 {[%clk 0:01:13]} 40. Qf5 {[%clk 0:03:58]} Ke7
{[%clk 0:01:10]} 41. h6 {[%clk 0:03:22]} Nf8 {[%clk 0:00:54]} 42. Rxf8
{[%clk 0:03:25]} Kxf8 {[%clk 0:00:31]} 43. h7 {[%clk 0:03:54]} 1-0

[Event "16 Dubai Open 2014"]
[Site "Dubai Chess Club"]
[Date "2014.04.08"]
[Round "2"]
[Board "29"]
[White "Mona, Khaled"]
[Black "Ismagambetov, Anuar"]
[Result "0-1"]
[WhiteElo "2140"]
[BlackElo "2493"]
[PlyCount "0"]
[EventDate "2014.04.07"]
[EventRounds "9"]
[EventCountry "UAE"]

1. d4 {[%clk 1:30:46]} Nf6 {[%clk 1:30:35]} 2. Nf3 {[%clk 1:31:07]} c5
{[%clk 1:30:36]} 3. e3 {[%clk 1:31:30]} g6 {[%clk 1:30:09]} 4. c3
{[%clk 1:31:15]} Bg7 {[%clk 1:29:40]} 5. dxc5 {[%clk 1:30:04]} a5
{[%clk 1:28:51]} 6. Nd4 {[%clk 1:29:18]} O-O {[%clk 1:26:49]} 7. b4
{[%clk 1:27:40]} b6 {[%clk 1:24:46]} 8. cxb6 {[%clk 1:25:35]} Qxb6
{[%clk 1:24:01]} 9. b5 {[%clk 1:25:34]} Bb7 {[%clk 1:23:44]} 10. a4
{[%clk 1:25:36]} d6 {[%clk 1:19:04]} 11. f3 {[%clk 1:13:24]} e5 {[%clk 1:14:11]}
12. Nc2 {[%clk 1:12:28]} Nbd7 {[%clk 1:14:00]} 13. c4 {[%clk 1:10:03]} e4
{[%clk 1:09:49]} 14. f4 {[%clk 1:09:47]} Nc5 {[%clk 1:09:21]} 15. Nd4
{[%clk 1:09:58]} Rac8 {[%clk 1:01:13]} 16. Be2 {[%clk 1:04:32]} Nd3+
{[%clk 0:59:40]} 17. Bxd3 {[%clk 1:04:36]} exd3 {[%clk 1:00:04]} 18. O-O
{[%clk 1:05:00]} Rxc4 {[%clk 0:59:33]} 19. Qxd3 {[%clk 1:05:02]} Rfc8
{[%clk 0:59:47]} 20. Bb2 {[%clk 1:03:12]} Be4 {[%clk 0:58:13]} 21. Qb3
{[%clk 0:59:34]} Rb4 {[%clk 0:53:27]} 22. Qa3 {[%clk 0:57:53]} Nd5
{[%clk 0:53:35]} 23. Kh1 {[%clk 0:49:23]} Rxb2 {[%clk 0:52:19]} 0-1

[Event "16 Dubai Open 2014"]
[Site "Dubai Chess Club"]
[Date "2014.04.08"]
[Round "2"]
[Board "30"]
[White "Carlsson, Pontus"]
[Black "Mayed, Al-Rashedi"]
[Result "1-0"]
[WhiteElo "2486"]
[BlackElo "1838"]
[PlyCount "0"]
[EventDate "2014.04.07"]
[EventRounds "9"]
[EventCountry "UAE"]

1. e4 e5 2. Nf3 Nc6 3. Bb5 a6 4. Ba4 Nf6 5. O-O b5 6. Bb3 Bb7 7. d3 Be7 8. a4 d6
9. Nc3 b4 10. Nd5 Na5 11. Nxb4 Nxb3 12. cxb3 d5 13. Bd2 c5 14. Nxd5 Nxd5 15. exd5
Qxd5 16. Rc1 O-O 17. Re1 f6 18. Be3 Rfd8 19. Rc3 Rac8 20. Qc2 a5 21. Rc1 Ba6 22.
Ne1 Rb8 23. Bxc5 Bxc5 24. Rxc5 Qxb3 25. Qxb3+ Rxb3 26. Rxa5 Bxd3 27. Nxd3 Rdxd3
28. Ra7 h6 29. h4 Rd4 30. h5 Kh7 31. f3 Rxb2 32. Rcc7 Rb1+ 33. Kf2 Rd2+ 34. Kg3
Rg1 35. Rxg7+ Kh8 36. Kh2 Rdd1 37. Rh7+ Kg8 38. Rxh6 f5 39. Rg6+ Kh8 40. Rf6 Rh1+
41. Kg3 f4+ 42. Kg4 Rd8 43. Rh6+ Kg8 44. Rg6+ Kh8 45. Kg5 Rd5 46. Kh6 1-0

[Event "16 Dubai Open 2014"]
[Site "Dubai Chess Club"]
[Date "2014.04.08"]
[Round "2"]
[Board "31"]
[White "Boshra, Alshaeby"]
[Black "Ghosh, Diptayan"]
[Result "0-1"]
[WhiteElo "1925"]
[BlackElo "2485"]
[PlyCount "0"]
[EventDate "2014.04.07"]
[EventRounds "9"]
[EventCountry "UAE"]

1. d4 d5 2. c4 c6 3. Nf3 Nf6 4. e3 Bf5 5. Qb3 Qc7 6. cxd5 cxd5 7. Nc3 e6 8. Be2
Nc6 9. Bd2 Be7 10. Rc1 O-O 11. Nh4 Bg4 12. h3 Bxe2 13. Nxe2 Rac8 14. Nf3 Bd6 15.
O-O Qe7 16. Rc2 Ne4 17. Rfc1 f5 18. Be1 Qd7 19. Nh2 Rce8 20. f4 g5 21. Nf3 h6 22.
Ne5 Bxe5 23. dxe5 Qg7 24. Qd3 Kh8 25. Nd4 Rg8 26. Nxc6 bxc6 27. b4 a5 28. b5 c5
29. Bxa5 gxf4 30. exf4 Qa7 31. Bc3 Rg3 32. Qd1 Reg8 33. Qh5 Qg7 34. Kh1 Rxg2 35.
Qf3 Rxc2 0-1

[Event "16 Dubai Open 2014"]
[Site "Dubai Chess Club"]
[Date "2014.04.08"]
[Round "2"]
[Board "32"]
[White "Nandu, Gagarin"]
[Black "Shyam, Sundar M."]
[Result "0-1"]
[WhiteElo "1499"]
[BlackElo "2481"]
[PlyCount "0"]
[EventDate "2014.04.07"]
[EventRounds "9"]
[EventCountry "UAE"]

1. e4 {[%clk 1:30:56]} c5 {[%clk 1:30:30]} 2. c3 {[%clk 1:31:03]} Nf6
{[%clk 1:30:28]} 3. e5 {[%clk 1:31:17]} Nd5 {[%clk 1:30:49]} 4. d4
{[%clk 1:31:23]} cxd4 {[%clk 1:30:53]} 5. cxd4 {[%clk 1:31:27]} e6
{[%clk 1:30:42]} 6. Nf3 {[%clk 1:30:52]} b6 {[%clk 1:28:16]} 7. Bd3
{[%clk 1:27:41]} Ba6 {[%clk 1:26:02]} 8. a3 {[%clk 1:21:09]} Qc8 {[%clk 1:25:34]}
9. O-O {[%clk 1:19:53]} Bxd3 {[%clk 1:14:08]} 10. Qxd3 {[%clk 1:19:57]} Qa6
{[%clk 1:14:34]} 11. Qxa6 {[%clk 1:17:09]} Nxa6 {[%clk 1:14:35]} 12. Bd2
{[%clk 1:16:28]} Be7 {[%clk 1:08:36]} 13. Nc3 {[%clk 1:14:37]} Nxc3
{[%clk 1:08:53]} 14. bxc3 {[%clk 1:09:48]} Rc8 {[%clk 1:06:51]} 15. Rfc1
{[%clk 1:07:41]} Rc4 {[%clk 1:06:18]} 16. Ne1 {[%clk 1:01:52]} Ra4
{[%clk 0:39:33]} 17. Nd3 {[%clk 0:33:56]} Nb8 {[%clk 0:39:41]} 18. Nb4
{[%clk 0:28:35]} Nc6 {[%clk 0:22:06]} 19. Rcb1 {[%clk 0:26:07]} Na5
{[%clk 0:20:03]} 20. Bc1 {[%clk 0:17:18]} d5 {[%clk 0:17:33]} 21. exd6
{[%clk 0:14:14]} Bxd6 {[%clk 0:18:01]} 22. d5 {[%clk 0:12:31]} e5
{[%clk 0:17:35]} 23. Nc2 {[%clk 0:09:52]} Kd7 {[%clk 0:17:04]} 24. Ne3
{[%clk 0:08:36]} Rc8 {[%clk 0:16:36]} 25. Kf1 {[%clk 0:07:40]} Rxc3
{[%clk 0:14:35]} 26. Nf5 {[%clk 0:01:57]} Nb3 {[%clk 0:14:12]} 27. Bb2
{[%clk 0:01:11]} Nd2+ {[%clk 0:14:27]} 28. Ke2 {[%clk 0:00:57]} Nxb1
{[%clk 0:14:52]} 29. Rxb1 {[%clk 0:00:40]} Rc2+ {[%clk 0:15:10]} 30. Ke1
{[%clk 0:00:34]} Bxa3 {[%clk 0:14:19]} 31. Bxe5 {[%clk 0:00:32]} Re4+
{[%clk 0:14:41]} 0-1

[Event "16 Dubai Open 2014"]
[Site "Dubai Chess Club"]
[Date "2014.04.08"]
[Round "2"]
[Board "33"]
[White "Grover, Sahaj"]
[Black "Halvarsson, Gustav"]
[Result "1-0"]
[WhiteElo "2475"]
[BlackElo "1714"]
[PlyCount "0"]
[EventDate "2014.04.07"]
[EventRounds "9"]
[EventCountry "UAE"]

1. e4 e5 2. Nf3 Nf6 3. Nc3 Nc6 4. d4 Bb4 5. d5 Ne7 6. Bd3 Ng6 7. h4 d6 8. h5 Nf8
9. h6 Rg8 10. Bg5 Bxc3+ 11. bxc3 gxh6 12. Rxh6 Rg6 13. Qd2 Bd7 14. Rxg6 hxg6 15.
Bh4 Qe7 16. Qh6 O-O-O 17. Qh8 N8h7 18. Qxh7 Nxh7 19. Bxe7 Rh8 20. Ke2 Re8 21. Rh1
Rxe7 22. Rxh7 Kd8 23. Ng5 f6 24. Rh8+ Re8 25. Ne6+ Bxe6 26. Rxe8+ Kxe8 27. dxe6
Ke7 28. Bc4 g5 29. Kf3 a6 30. a4 b6 31. Bxa6 Kxe6 32. c4 Kf7 33. Kg4 Kg6 34. Bb7
 1-0

[Event "16 Dubai Open 2014"]
[Site "Dubai Chess Club"]
[Date "2014.04.08"]
[Round "2"]
[Board "34"]
[White "Jones, Gawain C B"]
[Black "Siva, Mahadevan"]
[Result "1/2-1/2"]
[WhiteElo "2650"]
[BlackElo "2105"]
[PlyCount "0"]
[EventDate "2014.04.07"]
[EventRounds "9"]
[EventCountry "UAE"]

1. e4 c5 2. Nc3 Nc6 3. Bb5 Nd4 4. Nf3 g6 5. Bc4 Bg7 6. Nxd4 cxd4 7. Qf3 Nh6 8.
Ne2 O-O 9. Bb3 d6 10. h3 Kh8 11. d3 e5 12. g4 f5 13. g5 fxe4 14. Qxe4 Nf5 15. h4
Ne7 16. h5 Bf5 17. Qh4 gxh5 18. Ng3 Bg6 19. Nxh5 Nf5 20. Qh2 Qe7 21. Bd2 b5 22.
O-O-O a5 23. Nf6 Bxf6 24. gxf6 Qxf6 25. Rdg1 a4 26. Bd5 Rac8 27. Qg2 Ne7 28. Bg5
Qxf2 29. Bxe7 Rxc2+ 30. Kb1 Rxb2+ 31. Ka1 Qxg2 32. Bxg2 Rff2 33. Bd5 Kg7 34. Bxd6
Rbe2 35. Re1 Kf6 36. Rxe2 Rxe2 37. Rf1+ Kg5 38. Be7+ Kh6 39. Rg1 Kg7 40. Bc6 Kf7
41. Bh4 Bxd3 42. Bd5+ Ke8 43. Bc6+ Kf7 44. Rf1+ Kg6 45. Rf3 Bc4 46. Be7 Rxa2+ 47.
Kb1 Rh2 48. Be8+ Kh6 49. Rg3 Rh1+ 50. Kb2 Rf1 51. Rg2 e4 52. Bc6 e3 53. Bg5+ Kh5
54. Be8+ Bf7 55. Bxb5 Rf2+ 56. Rxf2 exf2 57. Bf6 Kg4 58. Bxd4 Kf3 59. Bc6+ Ke2
60. Bb5+ Kf3 61. Bc6+ Kg3 62. Be5+ Kg4 63. Bb5 Kf3 1/2-1/2

[Event "16 Dubai Open 2014"]
[Site "Dubai Chess Club"]
[Date "2014.04.08"]
[Round "2"]
[Board "35"]
[White "Kryvoruchko, Vita"]
[Black "Kuzubov, Yuriy"]
[Result "0-1"]
[WhiteElo "2229"]
[BlackElo "2639"]
[PlyCount "0"]
[EventDate "2014.04.07"]
[EventRounds "9"]
[EventCountry "UAE"]

1. e4 c5 2. Nc3 Nc6 3. g3 e6 4. Bg2 Nf6 5. f4 d5 6. e5 Nd7 7. Nf3 Be7 8. O-O O-O
9. d3 Rb8 10. a4 a6 11. Bd2 b5 12. axb5 axb5 13. Qe2 Qc7 14. Nd1 Bb7 15. Nf2 Ra8
16. g4 Nd4 17. Nxd4 cxd4 18. c3 Rxa1 19. Rxa1 Nc5 20. f5 Nb3 21. Re1 dxc3 22.
bxc3 Ra8 23. Qd1 Ra3 24. f6 gxf6 25. exf6 Bxf6 26. g5 Bg7 27. Ng4 Nxd2 28. Nf6+
Bxf6 29. gxf6 Qf4 30. Kh1 Ra2 31. Rg1 Kf8 32. Qh5 Qxf6 33. Qxh7 Nf3 34. Rf1 Rxg2
35. Kxg2 d4 0-1

[Event "16 Dubai Open 2014"]
[Site "Dubai Chess Club"]
[Date "2014.04.08"]
[Round "2"]
[Board "36"]
[White "Volkov, Sergey"]
[Black "Khalafova, Narmin"]
[Result "1-0"]
[WhiteElo "2600"]
[BlackElo "2160"]
[PlyCount "0"]
[EventDate "2014.04.07"]
[EventRounds "9"]
[EventCountry "UAE"]

1. d4 d5 2. c4 c6 3. Nf3 Nf6 4. e3 e6 5. b3 c5 6. Bb2 cxd4 7. exd4 Bb4+ 8. Nbd2
O-O 9. a3 Bd6 10. c5 Bc7 11. Bd3 Nc6 12. O-O Nd7 13. Qc2 f5 14. Rfe1 Qf6 15. b4
a6 16. Re2 Qh6 17. Rae1 Nf6 18. Ne5 Ng4 19. Ndf3 Ngxe5 20. Nxe5 Bd7 21. Nf3 g5
22. h3 g4 23. hxg4 fxg4 24. Ne5 Nxe5 25. dxe5 Rf7 26. Bd4 Raf8 27. a4 Qf4 28. Bc3
g3 29. fxg3 Qxg3 30. Re3 Rf3 31. Bd4 Qg4 32. Rxf3 Rxf3 33. Bf2 Rf7 34. b5 Rg7 35.
g3 axb5 36. axb5 h5 37. Qa2 Qf3 38. Bf1 Qc3 39. Qa8+ Kf7 40. Re3 Qc1 41. Qxb7 Kg6
42. Re1 Qd2 43. Qxc7 Bxb5 44. Qb8 Bxf1 45. Qe8+ Rf7 46. Qg8+ Rg7 47. Qxe6+ Kh7
48. Qf5+ Kg8 49. Rxf1 h4 50. Qc8+ Kh7 51. Qh3 Rxg3+ 52. Bxg3 Qe3+ 53. Kh1 1-0

[Event "16 Dubai Open 2014"]
[Site "Dubai Chess Club"]
[Date "2014.04.08"]
[Round "2"]
[Board "37"]
[White "Lalith, Babu M.R."]
[Black "Guliyev, Gasan Alipasha"]
[Result "1-0"]
[WhiteElo "2594"]
[BlackElo "1974"]
[PlyCount "0"]
[EventDate "2014.04.07"]
[EventRounds "9"]
[EventCountry "UAE"]

1. d4 {[%clk 1:30:49]} d5 {[%clk 1:30:17]} 2. Nf3 {[%clk 1:31:13]} Nf6
{[%clk 1:30:13]} 3. c4 {[%clk 1:31:38]} c6 {[%clk 1:30:16]} 4. Nc3
{[%clk 1:32:02]} a6 {[%clk 1:29:58]} 5. c5 {[%clk 1:32:27]} g6 {[%clk 1:29:20]}
6. g3 {[%clk 1:32:10]} Bg7 {[%clk 1:29:17]} 7. Bg2 {[%clk 1:32:35]} O-O
{[%clk 1:29:17]} 8. O-O {[%clk 1:32:58]} Nbd7 {[%clk 1:26:55]} 9. Qc2
{[%clk 1:32:14]} Re8 {[%clk 1:24:03]} 10. Rd1 {[%clk 1:31:19]} h6
{[%clk 1:05:50]} 11. h3 {[%clk 1:25:27]} Nh7 {[%clk 0:56:27]} 12. e4
{[%clk 1:16:05]} dxe4 {[%clk 0:53:48]} 13. Nxe4 {[%clk 1:16:30]} Ndf6
{[%clk 0:50:03]} 14. Nc3 {[%clk 1:16:19]} Be6 {[%clk 0:49:11]} 15. Ne5
{[%clk 1:16:30]} Nd5 {[%clk 0:45:53]} 16. Qe2 {[%clk 1:15:37]} Nf8
{[%clk 0:43:38]} 17. h4 {[%clk 1:10:02]} h5 {[%clk 0:37:13]} 18. Ne4
{[%clk 1:06:54]} f6 {[%clk 0:31:49]} 19. Nc4 {[%clk 1:06:44]} Qc7
{[%clk 0:30:24]} 20. Bd2 {[%clk 1:05:33]} Bf7 {[%clk 0:19:15]} 21. Rac1
{[%clk 1:03:54]} Ne6 {[%clk 0:16:37]} 22. Ba5 {[%clk 1:04:12]} Qd7
{[%clk 0:16:52]} 23. Nc3 {[%clk 1:02:01]} Nec7 {[%clk 0:13:43]} 24. Na4
{[%clk 1:00:50]} Qf5 {[%clk 0:11:53]} 25. Be4 {[%clk 0:57:59]} Qg4
{[%clk 0:10:25]} 26. Bf3 {[%clk 0:56:30]} Qf5 {[%clk 0:10:14]} 27. Re1
{[%clk 0:55:47]} Bh6 {[%clk 0:09:16]} 28. Rcd1 {[%clk 0:56:11]} Kg7
{[%clk 0:07:41]} 29. Bg2 {[%clk 0:55:26]} g5 {[%clk 0:06:29]} 30. Be4
{[%clk 0:53:48]} Qh3 {[%clk 0:06:36]} 31. Qd3 {[%clk 0:53:20]} Be6
{[%clk 0:05:18]} 32. Bxc7 {[%clk 0:49:41]} Nxc7 {[%clk 0:05:28]} 33. Ne3
{[%clk 0:50:07]} Kh8 {[%clk 0:03:48]} 34. Bg2 {[%clk 0:50:10]} 1-0

[Event "16 Dubai Open 2014"]
[Site "Dubai Chess Club"]
[Date "2014.04.08"]
[Round "2"]
[Board "38"]
[White "Stojanovic, Mihajlo"]
[Black "Partac, Elena"]
[Result "1-0"]
[WhiteElo "2568"]
[BlackElo "2101"]
[PlyCount "0"]
[EventDate "2014.04.07"]
[EventRounds "9"]
[EventCountry "UAE"]

1. Nf3 c5 2. c4 Nc6 3. d4 cxd4 4. Nxd4 g6 5. e4 Bg7 6. Be3 Nf6 7. Nc3 O-O 8. Be2
d6 9. O-O Bd7 10. Qd2 Nxd4 11. Bxd4 Bc6 12. f3 a5 13. b3 Nd7 14. Bf2 Nc5 15. Rab1
Qc7 16. Nd5 Bxd5 17. exd5 Rfc8 18. Rfd1 Qd8 19. Bf1 Qf8 20. g3 h5 21. Bh3 Rc7 22.
Re1 Bf6 23. f4 Qh6 24. Re2 Qh8 25. Rc1 Qg7 26. Kh1 Kh7 27. Bg2 Kg8 28. h4 Ba1 29.
Bxc5 dxc5 30. d6 exd6 31. Qxd6 Rcc8 32. Bxb7 Re8 33. Rce1 Rxe2 34. Rxe2 Rf8 35.
Qxc5 Qc3 36. Kg2 Qd3 37. Bf3 Bd4 38. Qxa5 Qd1 39. Qe1 Qd3 40. Qd2 1-0

[Event "16 Dubai Open 2014"]
[Site "Dubai Chess Club"]
[Date "2014.04.08"]
[Round "2"]
[Board "39"]
[White "Melia, Salome"]
[Black "Assaubayeva, Bibissara"]
[Result "1-0"]
[WhiteElo "2459"]
[BlackElo "1891"]
[PlyCount "0"]
[EventDate "2014.04.07"]
[EventRounds "9"]
[EventCountry "UAE"]

1. e4 {[%clk 1:30:57]} c5 {[%clk 1:30:51]} 2. Nf3 {[%clk 1:31:22]} d6
{[%clk 1:31:12]} 3. d4 {[%clk 1:31:47]} cxd4 {[%clk 1:31:33]} 4. Qxd4
{[%clk 1:32:09]} Nc6 {[%clk 1:31:52]} 5. Bb5 {[%clk 1:32:29]} Bd7
{[%clk 1:28:04]} 6. Bxc6 {[%clk 1:32:09]} Bxc6 {[%clk 1:27:42]} 7. Nc3
{[%clk 1:32:18]} Nf6 {[%clk 1:23:59]} 8. Bg5 {[%clk 1:32:24]} Qb6
{[%clk 1:13:32]} 9. Bxf6 {[%clk 1:32:10]} gxf6 {[%clk 1:13:19]} 10. Qxb6
{[%clk 1:32:24]} axb6 {[%clk 1:13:48]} 11. Nd4 {[%clk 1:32:32]} Rg8
{[%clk 1:10:27]} 12. g3 {[%clk 1:23:51]} e6 {[%clk 1:03:24]} 13. O-O
{[%clk 1:17:23]} h5 {[%clk 0:58:47]} 14. Rfe1 {[%clk 1:11:28]} h4
{[%clk 0:54:22]} 15. Nd5 {[%clk 1:00:03]} Bxd5 {[%clk 0:51:03]} 16. exd5
{[%clk 1:00:22]} e5 {[%clk 0:49:50]} 17. Nf5 {[%clk 0:50:00]} hxg3
{[%clk 0:46:36]} 18. fxg3 {[%clk 0:50:02]} Rc8 {[%clk 0:43:02]} 19. c3
{[%clk 0:49:02]} Kd7 {[%clk 0:39:13]} 20. Re4 {[%clk 0:41:59]} Rc5
{[%clk 0:34:44]} 21. Rd1 {[%clk 0:42:10]} Be7 {[%clk 0:33:03]} 22. h4
{[%clk 0:34:37]} Bd8 {[%clk 0:30:32]} 23. Kg2 {[%clk 0:32:26]} b5
{[%clk 0:28:17]} 24. h5 {[%clk 0:31:40]} Rc4 {[%clk 0:26:01]} 25. Rxc4
{[%clk 0:28:39]} bxc4 {[%clk 0:26:30]} 26. h6 {[%clk 0:28:43]} Rh8
{[%clk 0:24:20]} 27. Rh1 {[%clk 0:28:44]} Be7 {[%clk 0:21:15]} 28. Rh4
{[%clk 0:26:12]} b5 {[%clk 0:19:51]} 29. a4 {[%clk 0:26:04]} bxa4
{[%clk 0:17:17]} 30. Rxc4 {[%clk 0:26:08]} Bd8 {[%clk 0:14:22]} 31. Rxa4
{[%clk 0:25:19]} Bb6 {[%clk 0:13:36]} 32. Rg4 {[%clk 0:24:56]} Bc7
{[%clk 0:12:38]} 33. Rg7 {[%clk 0:23:19]} Ke8 {[%clk 0:11:58]} 34. h7
{[%clk 0:23:28]} Kf8 {[%clk 0:11:44]} 35. Kf3 {[%clk 0:23:47]} Bb6
{[%clk 0:11:07]} 36. b4 {[%clk 0:23:53]} Bc7 {[%clk 0:10:40]} 37. c4
{[%clk 0:24:18]} Bb8 {[%clk 0:10:03]} 38. c5 {[%clk 0:23:37]} Bc7
{[%clk 0:07:55]} 39. cxd6 {[%clk 0:23:35]} Bb6 {[%clk 0:07:35]} 40. d7
{[%clk 0:23:28]} Bc7 {[%clk 0:07:04]} 41. d6 {[%clk 0:23:29]} Bb6
{[%clk 0:07:07]} 42. Ke4 {[%clk 0:23:26]} Bd8 {[%clk 0:07:20]} 43. Rg8+
{[%clk 0:23:00]} Rxg8 {[%clk 0:07:44]} 44. hxg8=Q+ {[%clk 0:23:23]} Kxg8
{[%clk 0:08:08]} 45. Ne7+ {[%clk 0:23:40]} Kf8 {[%clk 0:08:21]} 46. Nc6
{[%clk 0:24:04]} Bb6 {[%clk 0:08:45]} 47. d8=Q+ {[%clk 0:24:15]} 1-0